[Event "XII Figueira da Foz Open 2018"]
[Site "Figueira da Foz"]
[Date "2018.10.31"]
[Round "4"]
[White "Morais, Vitor"]
[Black "Asvestopoulou, Evdokia"]
[Result "1-0"]
[WhiteElo "1918"]
[BlackElo "1720"]
[Annotator "NA RC"]
[PlyCount "99"]
[EventDate "2018.10.30"]
[EventType "swiss"]
[EventCountry "POR"]
[SourceTitle "playchess.com"]
[Source "ChessBase"]
[SourceQuality "1"]
[TimeControl "40/5400+30:1800+30"]

1. b3 {[%emt 0:00:00]} e5 {[%emt 0:01:32]} 2. Bb2 {[%emt 0:00:00]} Nc6 {[%emt 0:00:26]} 3. e3 {[%emt 0:00:00]} d6 {[%emt 0:00:27]} 4. c4 {[%emt 0:00:11]} g6 {[%emt 0:01:29]} 5. Nf3 {[%emt 0:00:12]} Bg7 {[%emt 0:01:02] A01: Nimzowitsch-Larsen Opening} 6. Be2 {[%emt 0:00:09]} (6. d4 exd4 7. Nxd4 Nxd4 8. Bxd4 Nf6 9. Be2 O-O 10. O-O Re8 11. Bf3 c6 {1-0 (55) Fedoseev,V (2707)-Vitiugov,N (2730) Satka 2018}) 6... f5 {[%emt 0:08:01]} 7. d3 {[%emt 0:00:07]} Nf6 {[%emt 0:01:16]} 8. Nbd2 {[%emt 0:00:10]} O-O {[%emt 0:00:37]} 9. O-O {[%emt 0:00:31]} h6 {[%emt 0:02:54]} 10. Rb1 $146 {[%emt 0:00:17]} ({Predecessor:} 10. Rc1 Re8 {0-1 (52) Bakhtadze,G (2335)-Galdunts,S (2450) Yerevan 1996}) 10... Ne7 {[%emt 0:05:23]} 11. b4 {[%emt 0:01:50]} g5 {[%emt 0:00:53]} 12. a4 {[%emt 0:00:19]} Ng6 {[%emt 0:01:30]} 13. Ne1 {[%emt 0:00:17]} Be6 {[%emt 0:06:43]} 14. f3 {[%emt 0:02:12]} Qe7 {[%emt 0:03:24]} 15. Nc2 {[%emt 0:00:14]} f4 {[%emt 0:05:57]} 16. Ne4 {[%emt 0:00:36]} Nxe4 {[%emt 0:01:19]} 17. dxe4 {[%emt 0:00:10]} Bd7 {[%emt 0:04:47]} 18. b5 {[%emt 0:00:21]} Kh7 {[%emt 0:07:48]} 19. Rf2 {[%emt 0:03:19]} Be6 {[%emt 0:08:43]} 20. Bc1 {[%emt 0:02:14]} Qf7 {[%emt 0:06:29]} 21. Qd3 {[%emt 0:00:12]} a5 {[%emt 0:06:12]} 22. Bd2 {[%emt 0:01:11]} b6 {[%emt 0:00:52]} 23. Kh1 {[%emt 0:00:12]} Bf6 {[%emt 0:02:01]} 24. g3 {[%emt 0:00:22]} Bg7 {[%emt 0:01:07]} 25. Rg1 {[%emt 0:00:35]} Rg8 {[%emt 0:01:15]} 26. Bc3 {[%emt 0:00:25]} Raf8 {[%emt 0:02:02]} 27. Be1 {[%emt 0:04:15]} Kh8 {[%emt 0:00:47]} 28. Bd2 {[%emt 0:04:46]} Qe7 {[%emt 0:07:01]} 29. Na3 {[%emt 0:00:13] [#]} Rf7 {[%emt 0:09:42]} (29... g4 $1 $17 {[%mdl 512]} 30. fxg4 fxg3 31. Rxf8 Nxf8 32. Rxg3 Nd7) 30. Nb1 {[%emt 0:01:16] [#]} fxe3 {[%emt 0:01:47]} (30... g4 $1 $15 {[%mdl 512]}) 31. Bxe3 {[%emt 0:00:10]} Nf8 {[%emt 0:01:18]} 32. Nc3 {[%emt 0:00:14]} Nd7 {[%emt 0:00:27]} 33. Nd5 {[%emt 0:00:08]} Bxd5 {[%emt 0:00:28]} 34. cxd5 {[%emt 0:00:22]} Nc5 {[%emt 0:00:43]} 35. Qc2 {[%emt 0:00:16]} Rgf8 {[%emt 0:00:27]} 36. Rgf1 {[%emt 0:00:27]} Kg8 {[%emt 0:00:26]} 37. Bd1 {[%emt 0:01:46]} Kh8 {[%emt 0:00:28]} 38. Qc4 {[%emt 0:01:07]} Kh7 {[%emt 0:00:14]} 39. Bc2 {[%emt 0:00:07]} Kh8 {[%emt 0:00:03]} 40. Kg2 {[%emt 0:00:00]} Re8 {[%emt 0:00:00]} 41. Qe2 {[%emt 0:05:40]} Qf6 {[%emt 0:05:19]} 42. Rh1 {[%emt 0:01:22]} Bf8 {[%emt 0:04:21]} (42... Qg6 $14) 43. h4 {[%emt 0:00:10]} Rh7 {[%emt 0:03:40]} 44. hxg5 {[%emt 0:00:23]} hxg5 {[%emt 0:00:02]} 45. Rxh7+ {[%emt 0:00:24]} Kxh7 {[%emt 0:00:01]} 46. f4 {[%emt 0:00:41]} Qg6 {[%emt 0:09:33]} 47. f5 $18 {[%emt 0:00:27]} Qh6 {[%emt 0:00:32]} 48. Qg4 {[%emt 0:00:16]} Be7 {[%emt 0:00:21]} 49. Rf1 {[%emt 0:00:50]} Kg8 {[%emt 0:02:31]} 50. Rh1 {[%emt 0:00:09]} 1-0

[Event "XII Figueira da Foz Open 2018"]
[Site "Figueira da Foz"]
[Date "2018.10.31"]
[Round "4"]
[White "Silva, Pedro Gil Ferreira "]
[Black "Piasetski, Leon"]
[Result "0-1"]
[WhiteElo "1837"]
[BlackElo "2252"]
[Annotator "TA"]
[PlyCount "94"]
[EventDate "2018.10.30"]
[EventType "swiss"]
[EventCountry "POR"]
[SourceTitle "playchess.com"]
[Source "ChessBase"]
[SourceQuality "1"]

{[%evp 15,94,52,48,1,0,-1,7,0,17,0,27,0,0,-6,0,0,26,12,20,0,32,-54,-52,-67,-78,-72,-69,-37,0,0,0,0,0,0,0,-3,0,-56,-53,-92,-85,-119,-103,-107,-107,-107,-102,-107,-107,-107,-107,-129,-107,-107,-107,-137,-137,-137,-141,-140,-137,-145,-139,-146,-146,-262,-262,-270,-268,-262,-264,-397,-374,-482,-479,-603,-492,-948,-951,-29961,-6287]} 1. e4 c5 2. Nf3 e6 3. d4 cxd4 4. Nxd4 a6 5. Nc3 b5 6. Bd3 Qb6 7. Nf3 d6 {B43: Sicilian: Kan Variation: 5 Nc3} (7... Bb7 8. O-O Qc7 9. Re1 Be7 10. Qd2 Nf6 11. Qg5 Kf8 12. Bf4 Qd8 13. e5 Nd5 14. Qg3 Nxf4 15. Qxf4 Bxf3 16. Qxf3 {½-½ (29) Grischuk,A (2772)-Khismatullin,D (2632) Riadh 2017}) 8. a4 b4 {LiveBook: 7 Games} 9. Na2 (9. a5 {looks sharper.} Qc6 10. Nd4 Qb7 11. Na4 Nd7 12. O-O) 9... Nf6 {The position is equal.} 10. O-O Bb7 $146 ({Predecessor:} 10... Nc6 11. Bd2 Be7 12. c3 bxc3 13. Bxc3 O-O 14. Qe1 e5 15. Nd2 Be6 16. Nc4 Qa7 17. a5 {0-1 (64) Lacasa Diaz,J (2411)-Oratovsky,M (2493) Barcelona 2015}) 11. Re1 Nbd7 12. Be3 Qc7 13. Bg5 d5 14. exd5 Bxd5 15. c3 b3 16. Nc1 Nc5 17. Bh4 Qb7 18. Bb1 (18. Bf1 $14) 18... Rd8 $15 19. Qe2 Bxf3 $1 20. gxf3 Qd7 21. Ra3 Qd2 (21... Qd5 {with more complications.} 22. Be4 Ncxe4 23. fxe4 Nxe4 24. c4 Qf5) 22. Qxd2 Rxd2 23. Nxb3 Rxb2 {[#] White must now prevent ...Ncd7.} 24. Nxc5 $1 Bxc5 25. Ra2 $132 {[%mdl 2048] White is not keeping still} Rb3 (25... Rb6 {is interesting.} 26. a5 Rc6 27. f4 O-O 28. Bxf6 gxf6 29. Be4 Rd6) 26. Bxf6 (26. Bd3 $11) 26... gxf6 27. Rc1 Ba3 28. Rd1 Rxc3 29. Bd3 a5 30. Bb5+ Kf8 31. Rd8+ Kg7 32. Rxh8 Kxh8 $17 {[%mdl 4096] Endgame KRB-KRB} 33. Kg2 Kg7 34. Rd2 Bc5 35. h3 f5 36. Re2 Kf6 37. Rd2 Kg5 38. Be8 {[#]} f6 $1 39. Bd7 e5 {[%cal Be6e5,Be5e4][%mdl 32]} 40. h4+ (40. Re2 $17 {is a better defense.}) 40... Kf4 $19 ({Much less strong is} 40... Kxh4 41. Bxf5 h5 42. f4 $17) 41. Be6 Rxf3 42. Rc2 Bd4 43. Bd5 (43. Rd2 {keeps fighting.}) 43... e4 44. Rd2 Ke5 45. Bc6 Rc3 46. Bb5 (46. Bd7 $142 f4 47. Rb2) 46... f4 {[%cal Bf5f4,Bf4f3][%mdl 32]} 47. Re2 f3+ {Precision: White = 34%, Black = 67%.} 0-1

[Event "XII Figueira da Foz Open 2018"]
[Site "Figueira da Foz"]
[Date "2018.10.31"]
[Round "4"]
[White "Pais, Bruno Miguel Dos Sa"]
[Black "Bouxo, Luis Antonio Maximi"]
[Result "1-0"]
[WhiteElo "1836"]
[BlackElo "1585"]
[Annotator "NA RC"]
[PlyCount "79"]
[EventDate "2018.10.30"]
[EventType "swiss"]
[EventCountry "POR"]
[SourceTitle "playchess.com"]
[Source "ChessBase"]
[SourceQuality "1"]
[TimeControl "40/5400+30:1800+30"]

1. d4 {[%emt 0:00:00]} d5 {[%emt 0:00:49]} 2. c4 {[%emt 0:00:00]} e6 {[%emt 0:00:23]} 3. Nf3 {[%emt 0:00:00]} Nf6 {[%emt 0:00:28]} 4. g3 {[%emt 0:00:00]} Bd6 {[%emt 0:04:41]} 5. Bg2 {[%emt 0:01:07]} O-O {[%emt 0:00:36]} 6. O-O {[%emt 0:00:24]} c6 {[%emt 0:02:53]} 7. Qc2 {[%emt 0:00:28]} Nbd7 {[%emt 0:03:54]} 8. Nbd2 {[%emt 0:00:39]} Re8 {[%emt 0:05:14]} 9. e4 {[%emt 0:04:15]} dxe4 {[%emt 0:01:19] E01: Catalan: Early deviations} 10. Nxe4 {[%emt 0:00:24]} Nxe4 {[%emt 0:02:09]} 11. Qxe4 {[%emt 0:00:04]} Nf6 {[%emt 0:02:14]} (11... e5 12. Bg5 f6 13. Bd2 exd4 14. Qxd4 Ne5 15. Bc3 {½-½ (15) Sakaev,K (2668)-Lautier,J (2680) Khanty-Mansiysk 2005}) 12. Qc2 {[%emt 0:00:16]} h6 {[%emt 0:01:57]} 13. Rd1 {[%emt 0:01:31]} Qa5 {[%emt 0:05:33]} 14. c5 $146 {[%emt 0:08:24]} ({Predecessor:} 14. Bd2 Qh5 15. Re1 e5 16. dxe5 Bxe5 17. Nxe5 Rxe5 {1-0 (42) Zimmerman,Y (2410)-Kovacs,L (2130) Gyula 1997}) 14... Bb8 {[%emt 0:05:17]} 15. a4 {[%emt 0:11:42]} Qd8 {[%emt 0:03:21]} 16. b4 {[%emt 0:12:32]} Nd5 {[%emt 0:02:28]} 17. b5 {[%emt 0:01:41]} a6 {[%emt 0:07:18]} 18. b6 {[%emt 0:04:38]} Qf6 {[%emt 0:01:36]} 19. Bb2 {[%emt 0:02:25]} Bd7 {[%emt 0:02:10]} 20. Nd2 {[%emt 0:05:13]} Qg5 {[%emt 0:02:36]} 21. Nc4 {[%emt 0:03:58]} Bc8 {[%emt 0:04:38]} 22. Re1 {[%emt 0:03:49]} Rd8 {[%emt 0:01:48]} 23. Rad1 {[%emt 0:02:02]} Ne7 $1 {[%emt 0:04:59]} 24. Bc1 {[%emt 0:06:20]} Qh5 {[%emt 0:05:18]} 25. Bb2 $2 {[%emt 0:04:40]} ({Better is} 25. Rd3 $16) 25... Qg5 {[%emt 0:00:29]} 26. Qe2 {[%emt 0:02:09]} Ng6 {[%emt 0:04:41]} 27. h4 {[%emt 0:01:56]} Qe7 {[%emt 0:02:34]} 28. Rd3 $2 {[%emt 0:05:14]} (28. h5 $18) 28... Bd7 $2 {[%emt 0:04:15]} (28... Qf8 $16 {is a better defense.} 29. Be4 Ne7) 29. Ba3 {[%emt 0:01:02]} (29. h5 $142) 29... Qf6 {[%emt 0:01:59]} 30. Bb2 {[%emt 0:00:31]} Qe7 {[%emt 0:00:31]} 31. a5 {[%emt 0:00:01]} Be8 {[%emt 0:01:05]} 32. Red1 {[%emt 0:00:34]} Qf8 {[%emt 0:00:36]} 33. Qg4 {[%emt 0:01:40]} Ne7 {[%emt 0:02:41]} 34. Bc1 {[%emt 0:00:37]} g6 {[%emt 0:02:07]} (34... f6 $16 35. h5 Kh8) 35. h5 $16 {[%emt 0:03:17]} (35. Qe2 $18) 35... f5 {[%emt 0:02:01]} 36. Qe2 {[%emt 0:01:03]} Bf7 {[%emt 0:01:15]} 37. hxg6 {[%emt 0:01:08]} Nxg6 {[%emt 0:00:53]} 38. Qe3 {[%emt 0:03:02]} f4 {[%emt 0:02:17]} 39. Qe4 {[%emt 0:01:33]} fxg3 {[%emt 0:00:25]} 40. fxg3 {[%emt 0:00:00]} 1-0

[Event "XII Figueira da Foz Open 2018"]
[Site "Figueira da Foz"]
[Date "2018.10.31"]
[Round "4"]
[White "Puglia, Francesco"]
[Black "Santos, Antonio P"]
[Result "0-1"]
[WhiteElo "1803"]
[BlackElo "2155"]
[Annotator "TA"]
[PlyCount "80"]
[EventDate "2018.10.30"]
[EventType "swiss"]
[EventCountry "POR"]
[SourceTitle "playchess.com"]
[Source "ChessBase"]
[SourceQuality "1"]

{[%evp 24,80,-3,-8,5,0,0,0,0,-2,0,0,35,26,45,-59,0,-30,-41,-128,-63,-83,-65,-159,-155,-184,-163,-169,-139,-124,-129,-115,-85,-79,81,86,70,0,0,-153,-138,-151,-163,-143,-141,-238,-232,-635,-639,-631,-622,-678,-621,-659,-642,-1537,-862,-2015,-862]} 1. e4 c5 2. Nc3 Nc6 3. Nf3 e6 4. d4 cxd4 5. Nxd4 Qc7 6. Be2 a6 7. O-O d6 8. Kh1 Nf6 9. f4 Be7 10. a4 O-O 11. Nb3 b6 12. Bf3 Bb7 {B84: Sicilian Scheveningen: 6 Be2 a6, lines without early Be3} 13. Be3 {LiveBook: 27 Games} Rab8 (13... Rac8 14. Rf2 Rfd8 15. Rd2 Nb4 16. Qg1 Nd7 17. Nd4 Nc5 18. Rad1 Qb8 19. g4 d5 20. exd5 Nxd5 21. Nxd5 Rxd5 {0-1 (61) Rasidovic,S (2338)-Kovacevic,A (2560) Sarajevo 2014}) 14. Qe1 Na5 {The position is equal.} 15. Nxa5 bxa5 16. Ba7 Ra8 17. Be3 Rfc8 18. Rd1 $146 ({Predecessor:} 18. Qf2 Bc6 19. e5 Nd7 20. Bxc6 Qxc6 21. exd6 Bxd6 22. f5 e5 {½-½ (28) Jelica,M (2189)-Popova,N (2247) Bled 2002}) 18... Bc6 19. Qf2 (19. f5 $14) 19... Rab8 ({Black should play} 19... Qb7 $1 $15) 20. Bc1 Rb4 $36 {[%cal Rc6e4][%mdl 2048] Black is more active.} 21. e5 (21. Rfe1 $15) 21... dxe5 (21... Bxf3 $17 22. Qxf3 dxe5 23. fxe5 Qxe5) 22. Bxc6 $15 {[#] Black must now prevent fxe5.} e4 $1 ({Reject} 22... Qxc6 23. fxe5 Bc5 24. Qg3 $11) 23. f5 (23. Nb5 $15 Qxc6 24. Na7 Qxc2 25. Nxc8 Qxc8 26. f5) 23... Qxc6 $17 24. fxe6 Qxe6 25. Qf5 Qxf5 26. Rxf5 h6 27. Rxa5 Ng4 {...Nf2+ is the strong threat.} 28. Rf5 Rxc3 $2 (28... Rbc4 $17 29. Re1 Nf6) 29. bxc3 $16 Rb1 30. Rff1 (30. Re1 $1 $14) 30... Bc5 $1 $11 {And now ...Nf2+ would win.} 31. g3 $2 (31. Rd8+ $11 Kh7 32. h3) 31... Nf2+ $17 32. Rxf2 Bxf2 {[%mdl 4096] Endgame KRB-KRB} 33. Kg2 Bb6 34. Kf1 {[#]} (34. h4 $17 {might work better.}) 34... Be3 $1 $19 {[%mdl 512]} 35. Bxe3 $2 (35. Ke2 Bxc1 36. c4) 35... Rxd1+ {KR-KB. Black is clearly winning.} 36. Ke2 Ra1 37. Bd4 Rxa4 38. Ke3 f5 39. Kf4 Kf7 40. g4 g6 {Precision: White = 16%, Black = 33%.} (40... g5+ $142 41. Kg3 f4+ 42. Kg2 Ra2) 0-1

[Event "XII Figueira da Foz Open 2018"]
[Site "Figueira da Foz"]
[Date "2018.10.31"]
[Round "4"]
[White "Correia, Pedro Mourao Soares"]
[Black "Moes Joaquim, Carlos"]
[Result "1-0"]
[WhiteElo "1518"]
[BlackElo "1415"]
[Annotator "NA RC"]
[PlyCount "75"]
[EventDate "2018.10.30"]
[EventType "swiss"]
[EventCountry "POR"]
[SourceTitle "playchess.com"]
[Source "ChessBase"]
[SourceQuality "1"]
[TimeControl "40/5400+30:1800+30"]

1. e4 {[%emt 0:00:00]} c5 {[%emt 0:01:31]} 2. Nf3 {[%emt 0:00:00]} Nc6 {[%emt 0:00:15]} 3. Bb5 {[%emt 0:00:06]} Qc7 {[%emt 0:00:39]} 4. d4 {[%emt 0:01:49]} cxd4 {[%emt 0:01:01]} 5. O-O {[%emt 0:07:47]} e5 {[%emt 0:00:50]} 6. c3 {[%emt 0:00:44]} Nf6 {[%emt 0:00:45]} 7. cxd4 {[%emt 0:02:39]} Bd6 {[%emt 0:03:20]} 8. Nc3 {[%emt 0:05:01]} O-O {[%emt 0:00:25]} 9. Bg5 {[%emt 0:00:58]} exd4 {[%emt 0:01:24]} 10. Bxf6 {[%emt 0:07:42]} dxc3 {[%emt 0:00:33]} 11. Bxc3 {[%emt 0:00:47]} a6 {[%emt 0:00:20]} 12. Bd3 {[%emt 0:02:40]} b5 {[%emt 0:00:39]} 13. e5 {[%emt 0:04:58]} Bxe5 {[%emt 0:01:53]} 14. Bxh7+ {[%emt 0:05:47]} Kh8 {[%emt 0:00:20]} 15. Nxe5 {[%emt 0:01:40]} Nxe5 {[%emt 0:00:42]} 16. Qh5 {[%emt 0:04:47]} Re8 {[%emt 0:02:09]} 17. Be4+ {[%emt 0:04:01]} Kg8 {[%emt 0:00:22]} 18. Bxa8 {[%emt 0:01:51]} d6 {[%emt 0:00:29]} 19. Bd5 {[%emt 0:02:37]} Bg4 {[%emt 0:02:34]} 20. Qg5 {[%emt 0:03:40]} Qd7 {[%emt 0:03:06]} 21. a3 {[%emt 0:08:24]} Kf8 {[%emt 0:00:25]} 22. f3 {[%emt 0:02:02]} Bf5 {[%emt 0:02:00]} 23. Be4 {[%emt 0:03:28]} Be6 {[%emt 0:01:06]} 24. Bxe5 {[%emt 0:01:15]} dxe5 {[%emt 0:00:17]} 25. Qe3 {[%emt 0:01:42]} Kg8 {[%emt 0:00:51]} 26. Rfd1 {[%emt 0:01:11]} Qe7 {[%emt 0:00:20]} 27. Rd2 {[%emt 0:01:30]} Qh4 {[%emt 0:02:02]} 28. Bd5 {[%emt 0:02:39]} g6 {[%emt 0:00:21]} 29. Bxe6 {[%emt 0:00:09]} Rxe6 {[%emt 0:00:13]} 30. Rad1 {[%emt 0:00:38]} Re8 {[%emt 0:00:43]} 31. Qb6 {[%emt 0:00:46]} Kg7 {[%emt 0:00:58]} 32. Rd8 {[%emt 0:02:37]} Re6 {[%emt 0:00:30]} 33. Qb8 {[%emt 0:01:26]} Qf4 {[%emt 0:03:27]} 34. Rg8+ {[%emt 0:04:39]} Kf6 {[%emt 0:00:26]} 35. Qd8+ {[%emt 0:00:38]} Re7 36. Re8 Qe3+ {[%emt 0:04:32]} 37. Kf1 {[%emt 0:01:57]} Qc5 {[%emt 0:00:16]} 38. Rd6+ {[%emt 0:03:46]} 1-0

[Event "XII Figueira da Foz Open 2018"]
[Site "Figueira da Foz"]
[Date "2018.10.31"]
[Round "4"]
[White "Soares, Sara Joana De Moura"]
[Black "Goncalves, Lucas Jordao"]
[Result "1/2-1/2"]
[WhiteElo "1481"]
[BlackElo "1401"]
[Annotator "NA"]
[PlyCount "158"]
[EventDate "2018.10.30"]
[EventType "swiss"]
[EventCountry "POR"]
[SourceTitle "playchess.com"]
[Source "ChessBase"]
[SourceQuality "1"]
[TimeControl "40/5400+30:1800+30"]

1. e4 {[%emt 0:00:00]} e5 {[%emt 0:00:00]} 2. Nf3 {[%emt 0:00:00]} Nc6 {[%emt 0:00:00]} 3. Bc4 {[%emt 0:00:08]} Bc5 {[%emt 0:00:30]} 4. c3 {[%emt 0:00:31]} Nf6 {[%emt 0:00:11]} 5. d4 {[%emt 0:00:43]} exd4 {[%emt 0:00:14]} 6. e5 {[%emt 0:01:35]} d5 {[%emt 0:01:03]} 7. Bb5 {[%emt 0:00:08]} Ne4 {[%emt 0:00:06]} 8. cxd4 {[%emt 0:00:28]} Bb4+ {[%emt 0:00:13]} 9. Bd2 {[%emt 0:00:18]} Nxd2 {[%emt 0:01:15]} 10. Nbxd2 {[%emt 0:00:18]} Bd7 {[%emt 0:00:13]} 11. a3 {[%emt 0:09:27]} Bxd2+ {[%emt 0:01:03]} 12. Qxd2 {[%emt 0:00:26]} O-O {[%emt 0:00:11]} 13. Bxc6 {[%emt 0:04:18]} Bxc6 {[%emt 0:00:09]} 14. O-O {[%emt 0:00:38]} Qd7 {[%emt 0:01:52]} 15. Rfe1 {[%emt 0:03:11]} Rfe8 {[%emt 0:02:56]} 16. Rac1 {[%emt 0:01:47]} h6 {[%emt 0:07:48]} 17. h3 {[%emt 0:11:08]} Qf5 {[%emt 0:05:58]} 18. Qa5 {[%emt 0:12:51]} Qd7 {[%emt 0:01:11]} 19. Qd2 {[%emt 0:08:02]} a6 {[%emt 0:01:03]} 20. Re3 {[%emt 0:01:52]} Qf5 {[%emt 0:00:11]} 21. b3 {[%emt 0:07:32]} Re6 {[%emt 0:06:38]} 22. Ne1 {[%emt 0:02:46]} Rg6 {[%emt 0:00:18]} 23. Rf3 {[%emt 0:02:57]} Qh5 {[%emt 0:07:00]} 24. Qf4 {[%emt 0:04:43]} Rf8 {[%emt 0:00:12]} 25. a4 {[%emt 0:03:12]} a5 {[%emt 0:08:04]} 26. Rg3 {[%emt 0:03:00]} Qe2 {[%emt 0:04:14]} 27. Rxg6 {[%emt 0:02:11]} fxg6 {[%emt 0:00:12]} 28. Qe3 {[%emt 0:00:08]} Qh5 {[%emt 0:00:56]} 29. Qd2 {[%emt 0:02:21]} Qf5 {[%emt 0:00:42]} 30. Qe3 {[%emt 0:03:07]} Qc8 {[%emt 0:03:47]} 31. Qc3 {[%emt 0:03:12]} Rf7 {[%emt 0:02:49]} 32. Qxa5 {[%emt 0:01:27]} Qd8 {[%emt 0:00:50]} 33. Qd2 {[%emt 0:01:54]} Qd7 {[%emt 0:02:03]} 34. Nd3 {[%emt 0:01:52]} b6 {[%emt 0:00:25]} 35. Nb4 {[%emt 0:02:18]} Bb7 {[%emt 0:00:07]} 36. Qe3 {[%emt 0:00:57]} Qe6 {[%emt 0:03:16]} 37. Nd3 {[%emt 0:01:10]} Bc8 {[%emt 0:01:36]} 38. b4 {[%emt 0:02:21]} Qf5 {[%emt 0:03:09]} 39. b5 {[%emt 0:01:11]} Qe6 {[%emt 0:01:29]} 40. Nf4 {[%emt 0:00:00]} Qf5 {[%emt 0:00:00]} 41. Nd3 {[%emt 0:01:50]} Be6 {[%emt 0:01:54]} 42. Rc6 {[%emt 0:03:09]} Bc8 {[%emt 0:03:06]} 43. g4 {[%emt 0:06:56]} Qf3 {[%emt 0:08:05]} 44. Qxf3 {[%emt 0:04:07]} Rxf3 {[%emt 0:00:17]} 45. Ne1 {[%emt 0:00:07]} Rf7 {[%emt 0:02:32]} 46. Kg2 {[%emt 0:01:50]} g5 {[%emt 0:00:54]} 47. Nd3 {[%emt 0:01:06]} Kf8 {[%emt 0:00:25]} 48. Nb4 {[%emt 0:01:55]} Ke8 {[%emt 0:01:55]} 49. f3 {[%emt 0:04:12]} Kd8 {[%emt 0:01:23]} 50. Rc1 {[%emt 0:03:31]} Bb7 {[%emt 0:04:06]} 51. Kg3 {[%emt 0:01:59]} g6 {[%emt 0:04:44]} 52. Nd3 {[%emt 0:00:53]} Kd7 {[%emt 0:01:06]} 53. Re1 {[%emt 0:00:46]} Ke7 {[%emt 0:01:01]} 54. f4 {[%emt 0:00:00]} gxf4+ {[%emt 0:03:09]} 55. Nxf4 {[%emt 0:00:00]} g5 {[%emt 0:00:11]} 56. Nd3 {[%emt 0:00:05]} c6 {[%emt 0:01:39]} 57. bxc6 {[%emt 0:02:29]} Bxc6 {[%emt 0:00:10]} 58. Ra1 {[%emt 0:00:21]} Rf8 {[%emt 0:00:17]} 59. Kg2 {[%emt 0:00:59]} Ra8 {[%emt 0:00:17]} 60. Nb4 {[%emt 0:01:46]} Kd7 {[%emt 0:00:36]} 61. Nxc6 Kxc6 {[%emt 0:00:07]} 62. Kg3 {[%emt 0:00:44]} Rf8 {[%emt 0:01:02]} 63. Rc1+ {[%emt 0:00:53]} Kd7 {[%emt 0:00:14]} 64. e6+ {[%emt 0:00:47]} Kd6 {[%emt 0:02:18]} 65. Rb1 {[%emt 0:00:24]} Kc6 {[%emt 0:00:10]} 66. Re1 {[%emt 0:00:55]} Kd6 {[%emt 0:00:15]} 67. Rb1 {[%emt 0:00:00]} Kc6 {[%emt 0:00:00]} 68. Re1 {[%emt 0:01:44]} Kd6 {[%emt 0:00:00]} 69. e7 {[%emt 0:01:35]} Re8 {[%emt 0:00:00]} 70. Kf3 {[%emt 0:00:13]} Rxe7 {[%emt 0:00:08]} 71. Rxe7 {[%emt 0:00:10]} Kxe7 {[%emt 0:00:42]} 72. Ke3 {[%emt 0:00:06]} Kd7 {[%emt 0:00:45]} 73. Kd3 {[%emt 0:00:08]} Kc7 {[%emt 0:00:33]} 74. Kc3 {[%emt 0:00:36]} Kb7 {[%emt 0:00:33]} 75. Kb3 {[%emt 0:00:48]} Ka7 {[%emt 0:00:13]} 76. Kc3 {[%emt 0:00:57]} Kb7 {[%emt 0:00:49]} 77. Kb3 {[%emt 0:00:49]} Ka7 {[%emt 0:00:09]} 78. Ka3 {[%emt 0:00:36]} Kb7 {[%emt 0:00:06]} 79. Kb3 {[%emt 0:00:07]} Ka7 {[%emt 0:00:23]} 1/2-1/2

[Event "XII Figueira da Foz Open 2018"]
[Site "Figueira da Foz"]
[Date "2018.10.31"]
[Round "4"]
[White "Dong, Fabio"]
[Black "Morais, Mario Martins Freit"]
[Result "0-1"]
[WhiteElo "1273"]
[BlackElo "1766"]
[Annotator "NA RC"]
[PlyCount "102"]
[EventDate "2018.10.30"]
[EventType "swiss"]
[EventCountry "POR"]
[SourceTitle "playchess.com"]
[Source "ChessBase"]
[SourceQuality "1"]
[TimeControl "40/5400+30:1800+30"]

1. c4 e6 2. Nc3 d5 3. cxd5 exd5 4. d4 c6 5. Nf3 Be7 6. Bf4 Nf6 7. e3 Bf5 8. h3 Qb6 9. Qb3 Nbd7 10. Qxb6 axb6 11. Be2 O-O 12. O-O Ne8 13. Ne5 Nd6 14. b3 Nf6 15. Na4 b5 16. Nc5 Nfe4 17. Nxe4 Nxe4 18. Bd3 f6 19. Nf3 Bg6 20. Nh4 Bf7 21. Nf5 Ba3 22. Bxe4 dxe4 23. Bd6 Rfd8 24. Bxa3 Rxa3 25. Rfc1 g6 26. Ng3 f5 27. Ne2 Rda8 28. Nc3 Bxb3 29. Rab1 Bxa2 30. Nxa2 Rxa2 31. d5 cxd5 32. Rxb5 Ra1 33. Rxa1 Rxa1+ 34. Kh2 Ra7 35. Rxd5 b6 36. Rb5 Rb7 37. Kg3 Kf7 38. f3 exf3 39. Kxf3 Ke6 40. e4 fxe4+ 41. Kxe4 Kd6 42. Kf4 Kc6 43. Rb2 Kd5 44. Ke3 Kc4 45. Kd2 b5 46. Rc2+ Kb3 47. Rc3+ Kb4 48. Kc2 Rf7 49. Rf3 Rxf3 50. gxf3 Kc4 51. h4 Kd4 0-1